Gevöhnliche Differentialgleichungen 2

Gespeichert in:
Bibliographische Detailangaben
Format: Buch
Sprache:Deutsch
Veröffentlicht: Leipzig Teubner 1976
Schriftenreihe:Mathematik für Ingenieure, Naturwissenschaftler, Ökonomen und Landwirte bd. 7/2
Tags: Tag hinzufügen
Keine Tags, Fügen Sie das erste Tag hinzu!

MARC

LEADER 00000nam a2200000 4500
001 0223107
005 20260323135109.7
041 0 |a ger 
044 |a DE 
245 1 0 |a Gevöhnliche Differentialgleichungen 2  |c Horst Wenzel 
264 1 |a Leipzig  |b Teubner  |c 1976 
300 |a 104 s. 
490 1 |a Mathematik für Ingenieure, Naturwissenschaftler, Ökonomen und Landwirte  |v bd. 7/2 
830 0 |a Mathematik für Ingenieure, Naturwissenschaftler, Ökonomen und Landwirte  |v bd. 7/2